00518nam a2200181Ia 4500008004100000020001800041082001900059100002300078245002300101250000600124260003900130300001000169500002400179650001000203942000700213952009900220999001700319230524s9999 xx 000 0 und d a9789384588663 a624.18341bJAG aK.S.Jagdish942917 0aStructural Masonry a1 aNew DelhibI.K.Internationalc2015 a201p: aQuantity Number: 1 aCivil cBK 00104070aTATCLbTATCLcGENd2023-05-24l0o624.18341 JAGp54178r2023-05-24w2023-05-24yBK c57885d57885